000 nam a22 7a 4500
999 _c52764
_d52764
003 OSt
005 20220702145145.0
008 220702b xxu||||| |||| 00| 0 eng d
040 _cIIMT UNIVERSITY MEERUT
100 _aVERMA, MOHAN
245 _aA T. B. OF INDUSTRIAL MANAGEMENT -8th
260 _bKATSON
300 _a398
942 _2ddc
_c09